Lose Control Lyrics Quiz - Statistics

General Stats
  • This quiz has been taken 139 times
  • The average score is 217 of 290
Answer Stats
Lyrics % Correct
I
98%
control
95%
me
95%
me,
95%
me)
95%
a
94%
lose
94%
No,
94%
no
94%
an
93%
to
93%
you
93%
you,
93%
You
93%
do
91%
When
91%
(when
91%
when
91%
don't
90%
of
90%
my
89%
I'm
88%
in
88%
not
88%
know
86%
know,
86%
some
86%
your
86%
And
84%
and
84%
got
84%
Got
84%
you're
84%
next
83%
Something's
81%
the
81%
anymore
80%
hold
80%
see?
80%
see
80%
can't
79%
Can't
79%
at
78%
lately
78%
on
78%
with
78%
myself
76%
like
75%
fallin'
73%
how
73%
mind,
71%
skin
71%
Feels
70%
here
70%
many
70%
oh
70%
times
70%
apart
69%
Out
69%
devil's
68%
door,
68%
it
68%
tell
68%
bones,
66%
right
66%
Yeah,
66%
yeah
66%
all
65%
are
65%
closin'
65%
front
65%
good
63%
knockin'
63%
alone?
61%
best
61%
walls
61%
baby
60%
Did
60%
tearin'
60%
is
59%
off
59%
Problem
59%
bein'
58%
From
58%
it's
58%
keep
58%
takin'
58%
break
56%
heart,
56%
breakin'
54%
addict
53%
knees,
51%
bad
50%
Bad
50%
make
50%
Problematic
50%
tryin'
50%
But
49%
mess
49%
down
46%
habit
46%
own
46%
real
46%
toll
46%
need
44%
teeth
44%
want
44%
please,
41%
could
39%
darlin'
39%
habits
38%
that
38%
relief,
35%
body
34%
trees
31%
forest
30%
hard
30%
through
30%
whoa
30%
magic
29%
takes
29%
two
29%
black
25%
moon
25%
fiend,
24%
mm
24%
full
21%
mm-hm
9%
No matching quizzes found
Score Distribution
Percent of People with Each Score
Percentile by Number Answered
Your Score History
You have not taken this quiz